000 00745pam a2200253 a 4500
001 4800866
003 Ke-BoTe
005 20220302162850.0
008 880401s1988 mau 000 0 eng
010 _a 88008842
020 _a0395483174
040 _aDLC
_cDLC
_dDLC
050 0 0 _aPE1591
_b.R715 1988
082 0 0 _a423/.1
_219
245 0 0 _aRoget's II :
_bthe new thesaurus /
_cby the editors of American heritage dictionary.
250 _aExpanded ed.
260 _aBoston :
_bHoughton Mifflin,
_cc1988.
300 _axvi, 1135 p. ;
_c25 cm.
650 0 _aEnglish language
_xSynonyms and antonyms.
_93131
740 0 _aRoget's two.
740 0 _aRoget's 2.
906 _a7
_bcbc
_corignew
_d1
_eocip
_f19
_gy-gencatlg
942 _2lcc
_cBK
_n0
999 _c1623
_d1623